Statistics for Dog Breeds By Puppy Picture

Click here to take the quiz!

General Stats

  • This quiz has been taken 247 times
  • The average score is 11 of 15

Answer Stats

Answer% Correct
Pug
99%
Beagle
92%
Dachshund
88%
French Bull Dog
88%
Great Dane
88%
German Shepherd
85%
Border Collie
81%
Cocker Spaniel
71%
Jack Russell Terrier
69%
Chow Chow
65%
Bernese Mountain Dog
60%
Staffordshire Bull Terrier
54%
Akita
46%
Schnauzer
44%
Mastiff
29%

Score Distribution

Percentile by Number Answered

Percent of People with Each Score

Your Score History

You have not taken this quiz